Collecting myself : the uncollected stories of Barry N. Malzberg /

Barry N. Malzberg has published more than 500 short stories in a wide range of magazines, books and best-of-the-year anthologies during the past six decades. Many of those stories have appeared in his assorted collections, but not all of them. "Collecting Myself: The Uncollected Stories of Barr...

Full description

Bibliographic Details
Main Author: Malzberg, Barry N. (Author)
Other Authors: Friedman, Robert (Editor), Shepard, Greg (Editor)
Format: Book
Language:English
Published: Eureka, California : Stark House Press, [2024].
Subjects:

MARC

Tag First Indicator Second Indicator Subfields
LEADER 00000cam a2200000 i 4500
001 in00004792198
003 OCoLC
008 240216t20242024cau b 000 1 eng d
005 20250816185314.9
020 |a 9798886010817  |q paperback 
024 8 |a 99996016615 
035 |a (OCoLC)1422074556 
040 |a YDX  |b eng  |e rda  |c YDX  |d YDX 
050 4 |a PS3563.A434  |b C65 2024 
082 0 4 |a 813/.54  |2 23/eng/20240524 
100 1 |a Malzberg, Barry N.,  |e author. 
245 1 0 |a Collecting myself :  |b the uncollected stories of Barry N. Malzberg /  |c by Barry N. Malzberg ; edited by Robert Friedman and Greg Shepard. 
264 1 |a Eureka, California :  |b Stark House Press,  |c [2024]. 
264 4 |c ©2024. 
300 |a 185 pages ;  |c 22 cm. 
336 |a text  |b txt  |2 rdacontent 
337 |a unmediated  |b n  |2 rdamedia 
338 |a volume  |b nc  |2 rdacarrier 
504 |a Includes bibliographical references. 
520 |a Barry N. Malzberg has published more than 500 short stories in a wide range of magazines, books and best-of-the-year anthologies during the past six decades. Many of those stories have appeared in his assorted collections, but not all of them. "Collecting Myself: The Uncollected Stories of Barry N. Malzberg" goes a long way towards filling that gap. Here are thirty-five beautifully crafted stories that range across a broad spectrum of Malzbergian concepts, themes, memes, obsessions and narrative approaches. 
650 0 |a Science fiction, American. 
650 0 |a Short stories, American. 
700 1 |a Friedman, Robert,  |e editor. 
700 1 |a Shepard, Greg,  |e editor. 
945 |b 87651 
947 |a A14852491589 
948 |a dmitchel 10/14/24 1.44.28 
999 f f |i 8265a3b0-f349-4c63-b331-f22b644e7b52  |s 447a90c7-83cc-47d5-bb28-6601f7eeb32c  |t 0 
952 f f |p normal  |a Texas A&M University  |b College Station  |c Sterling C. Evans Library  |d Evans: Library Stacks  |t 0  |e PS3563.A434 C65 2024  |h Library of Congress classification  |i unmediated -- volume  |m A14852491589 
998 f f |a PS3563.A434 C65 2024  |t 0  |l Evans: Library Stacks